Particulars etc. of the freehold residence situate and being no. 9 Denmark Street, Soho, W.C....which will be sold by auction by Mr S. Donaldson at the Mart, Tokenhouse Yard, Lothbury, on Wednesday June the 7th 1876... (Record no. 116639)

MARC details
000 -LEADER
fixed length control field 00781cam a22002055a 4500
001 - CONTROL NUMBER
control field L141168
008 - FIXED-LENGTH DATA ELEMENTS--GENERAL INFORMATION
fixed length control field 071031s1876 xxk eng u
035 ## - SYSTEM CONTROL NUMBER
System control number (Sirsi) u141168
041 0# - LANGUAGE CODE
Language code of text/sound track or separate title eng
100 1# - MAIN ENTRY--PERSONAL NAME
Personal name Donaldson, S.
245 00 - TITLE STATEMENT
Title Particulars etc. of the freehold residence situate and being no. 9 Denmark Street, Soho, W.C....which will be sold by auction by Mr S. Donaldson at the Mart, Tokenhouse Yard, Lothbury, on Wednesday June the 7th 1876...
260 ## - PUBLICATION, DISTRIBUTION, ETC.
Place of publication, distribution, etc. S.l.
Name of publisher, distributor, etc. s.n.
Date of publication, distribution, etc. [1876]
300 ## - PHYSICAL DESCRIPTION
Extent 2 leaves
Dimensions 43 x 27 cm., folded to 27 x 21 cm.
340 ## - PHYSICAL MEDIUM
Material base and configuration Printed
351 ## - ORGANIZATION AND ARRANGEMENT OF MATERIALS
Hierarchical level Single item
500 ## - GENERAL NOTE
General note Item annotated in ink and pencil.
651 4# - SUBJECT ADDED ENTRY--GEOGRAPHIC NAME
Geographic name London
690 ## - LOCAL SUBJECT ADDED ENTRY--TOPICAL TERM (OCLC, RLIN)
Topical term or geographic name as entry element PROPERTY-PROPERTY ACQUISITION AND DISPOSAL-ACQUISITION AND DISPOSAL AT AUCTION
942 ## - ADDED ENTRY ELEMENTS (KOHA)
Suppress in OPAC 0
Holdings
Withdrawn status Lost status Source of classification or shelving scheme Damaged status Not for loan Home library Current library Shelving location Date acquired Total Checkouts Full call number Barcode Date last seen Copy number Price effective from Koha item type
    Dewey Decimal Classification     London London Basement 31/10/2007   BASEMENT BOX 5 141168-1001 06/08/2019 1 06/08/2019 Archive